LEADER 01168nam0 22002771i 450 001 UON00301636 005 20231205104007.947 100 $a20071005f |0itac50 ba 101 $ager 102 $aDE 105 $a|||| 1|||| 200 1 $aHebbels Werke. 9.: Tagebücher 1. [Nr. 1-2994]$fhrsg. von Theodor Poppe 210 $aBerlin [etc.]$cDeutsches Verlagshaus Bong & Co.$d[19--?] 215 $a499 p.$d19 cm. 410 1$1001UON00301635$12001 $aBongs Goldene Klassiker-Bibliothek$1210 $aBerlin [etc.]$cDeutsches Verlagshaus Bong & Co. 620 $aDE$dBerlin$3UONL003157 676 $a830.7$cLetteratura tedesca. 1832-1856$v21 700 1$aHEBBEL$bFriedrich$3UONV173360$0324845 702 1$aPOPPE$bTheodor$3UONV173372 712 $aDeutsches Verlagshaus Bong & Co.$3UONV266703$4650 801 $aIT$bSOL$c20240220$gRICA 899 $aSIBA - SISTEMA BIBLIOTECARIO DI ATENEO$2UONSI 912 $aUON00301636 950 $aSIBA - SISTEMA BIBLIOTECARIO DI ATENEO$dSI TED 23 I HEB 06 b $eSI LO 71007 5 06 b 996 $aHebbels Werke. 9.: Tagebücher 1.$91851290 997 $aUNIOR LEADER 01281nam0 22002771i 450 001 UON00392626 005 20231205104619.631 100 $a20110517d1967 |0itac50 ba 101 $aita 102 $aIT 105 $a|||| ||||| 200 1 $aˆLe ‰minoranze nel diritto pubblico interno$econ un'appendice sulla condizione giuridica della minoranza tirolese nell'ordinamento italiano$fAlessandro Pizzorusso 205 $aMilano : Giuffrè$b1967 210 $a2 v.$a25 cm 215 $aVol. II: Bibliografia, testi e documenti, indici. 410 1$1001UON00349007$12001 $aPubblicazioni della Facoltà di giurisprudenza della Università di Pisa$v19 606 $aAlto Adige$xMinoranze$xCondizioni giuridiche$3UONC078245$2FI 620 $aIT$dMilano$3UONL000005 700 1$aPizzorusso$bAlessandro$3UONV100374$0140444 712 $aGiuffrè$3UONV257275$4650 801 $aIT$bSOL$c20260227$gRICA 899 $aSIBA - SISTEMA BIBLIOTECARIO DI ATENEO E ARCHIVIO STORICO$2UONSI 912 $aUON00392626 950 $aSIBA - SISTEMA BIBLIOTECARIO DI ATENEO E ARCHIVIO STORICO$dSI PUB E 0022 $eSI SC 3344/1 5 0022 $sBuono 996 $aMinoranze nel diritto pubblico interno$9656112 997 $aUNIOR